000 01335nam a2200325 ia4500
003 OSt
005 20260525162940.0
008 260525t20252025nyuoab br 001 0 eng d
020 _a9781510567108
_cRM137.50
_qhardback
040 _aPPAK
_beng
_cPPAK
_erda
082 0 4 _a536.7
_223
090 0 0 _a536.7
_bHIC
_dK
100 1 _aHicton, Douglas,
_eauthor.
245 1 0 _aTHERMODYNAMICS /
_cDOUGLAS HICTON
264 1 _aNew York :
_bLightbox Learning Inc.,
_c[2025?]
264 4 _c©2025
300 _a24 pages :
_bcolour photographs, colour illustrations, colour maps ;
_c26 cm
336 _atext
_2rdacontent
337 _aunmediated
_2rdamedia
338 _avolume
_2rdacarrier
490 1 _aTHE BEGINNER'S GUIDE TO PHYSICS
500 _aIncludes index.
520 _aThermodynamics explains how energy moves and transforms. It is the science of the relationship between heat, work, temperature, and energy. The forces of thermodynamics are on display everywhere. Find out more in Thermodynamics, a title in The Beginner's Guide to Physics.
521 _aAges 8-12.
650 1 0 _aThermodynamics
_vJuvenile literature
650 1 0 _aEnergy conversion
_vJuvenile literature
650 2 0 _aPhysical science
_vJuvenile literature
830 0 _aThe beginner's guide to Physics
942 _2ddc
_cB
999 _c204453
_d204453